000 00878nam a2200265Ia 4500
003 OSt
005 20220925195217.0
006 a|||||r|||| 00| 0
007 ta
008 220923b |||||||| |||| 00| 0 eng d
020 _a9781845429577
_c4959.35
037 _b11828, 27/11/2007, GOVINDA BOOK HOUSE
_cGeneral Book
040 _aRTL
_cRTL
_beng
041 _2eng
_aeng
082 _aX621, P7
100 _aBakker Age F P Ed.
_9253793
245 0 _aCentral bank reserve management
_b New trends from liquidity to return
260 _aCheltenham
_bEdward Elgar
_c2007
300 _axii, 257p
_ccm.
500 _aBibliography P241-47
650 _aCommerce
700 _a Van Herpt Ingmar R Y
_9253794
942 _hX621, P7
_cGB
_2CC
999 _c532216
_d532216